Environmental economics and policy. (Registro nro. 370)

Detalles MARC
000 -CABECERA
Campo de control 01018nam a2200325 a 4500
005 - FECHA Y HORA DE LA ULTIMA TRANSACCION
Campo de control 20200104041510.0
008 - ELEMENTOS DE LONGITUD FIJA—INFORMACION GENERAL
Campo de control 140220t1997 -usd fr|||| 001 0 eng d
020 ## - ISBN
ISBN 0673982106
040 ## - FUENTE DE CATALOGACIÓN
Agencia catalogadora original CO-BoIAVH
Agencia transcriptora CO-BoIAVH
041 0# - IDIOMA
Código de idioma para texto/pista de sonido o título separado Inglés
044 ## - PAÍS DE PUBLICACIÓN
País de publicación Estados Unidos
082 04 - NUMERO DE CLASIFICACION DECIMAL DEWEY
Número de clasificación 354
Número del ítem L63e
100 1# - ASIENTO PRINCIPAL--NOMBRE PERSONAL
Nombre personal Lesser, Jonathan A.
9 (RLIN) 7510
245 10 - MENCION DE TITULO
Título Environmental economics and policy.
260 ## - PUBLICACION, DISTRIBUCION, ETC. (PIE DE IMPRENTA)
Lugar de publicación, distribución, etc. Massachusetts :
Nombre del editor, distribuidor, etc. Addison Wesley Iberoamericana,
Fecha de publicación, distribución, etc. c1997.
300 ## - DESCRIPCION FISICA
Extensión 751 páginas :
Otros detalles físicos Gráficas ;
Dimensiones 25 x 16 cm.
500 ## - NOTA GENERAL
Nota general Incluye índice.
650 16 - ASIENTO SECUNDARIO DE MATERIA - TERMINO TEMATICO
Término temático o nombre geográfico como elemento de entrada Economía ambiental
9 (RLIN) 59010
650 26 - ASIENTO SECUNDARIO DE MATERIA - TERMINO TEMATICO
Término temático o nombre geográfico como elemento de entrada Cambio global
9 (RLIN) 4262
650 26 - ASIENTO SECUNDARIO DE MATERIA - TERMINO TEMATICO
Término temático o nombre geográfico como elemento de entrada Política ambiental
9 (RLIN) 59011
650 26 - ASIENTO SECUNDARIO DE MATERIA - TERMINO TEMATICO
Término temático o nombre geográfico como elemento de entrada Recursos naturales
9 (RLIN) 59012
650 26 - ASIENTO SECUNDARIO DE MATERIA - TERMINO TEMATICO
Término temático o nombre geográfico como elemento de entrada Desarrollo sostenible
9 (RLIN) 278
650 26 - ASIENTO SECUNDARIO DE MATERIA - TERMINO TEMATICO
Término temático o nombre geográfico como elemento de entrada Valoración ambiental
9 (RLIN) 7515
650 26 - ASIENTO SECUNDARIO DE MATERIA - TERMINO TEMATICO
Término temático o nombre geográfico como elemento de entrada Recursos naturales renovables
9 (RLIN) 59014
650 26 - ASIENTO SECUNDARIO DE MATERIA - TERMINO TEMATICO
Término temático o nombre geográfico como elemento de entrada Recursos hídricos
9 (RLIN) 59015
650 26 - ASIENTO SECUNDARIO DE MATERIA - TERMINO TEMATICO
Término temático o nombre geográfico como elemento de entrada Recursos energéticos
9 (RLIN) 59016
700 1# - ASIENTO SECUNDARIO - NOMBRE PERSONAL
Nombre personal Dodds, Daniel E.
9 (RLIN) 7518
700 1# - ASIENTO SECUNDARIO - NOMBRE PERSONAL
Nombre personal Zerbe, Richard O.
9 (RLIN) 7519
942 ## - ELEMENTOS ADICIONALES (KOHA)
Tipo de ítem Libro
Sistema de clasificación Dewey Decimal Classification
Existencias
Withdrawn status Lost status Sistema de Clasificación Damaged status No para préstamo Colección Inventariado Ubicación Permanente Ubicación actual Fecha de adquisición Fuente de Valor Valor Total Checkouts Número topográfico Inventario / Código de Barras Date last seen Ejemplar Price effective from Forma de adquisición Tipo de material
    Dewey Decimal Classification     General Inventariado 2017 Bogotá Bogotá 01/02/1998 Instituto 39000.00   LB-354 L63e 000514 04/12/2012 Ej. 1 04/12/2012   Libro